Literature Multiple Choice #2 - Statistics

General Stats
  • This quiz has been taken 34,756 times
    34,727 since last reset
  • The average score is 11 of 15
Answer Stats
Question Answer % Correct
Which of these characters possessed a portrait that somehow let them remain unaffected by their hedonistic lifestyle? Dorian Gray
92%
Which of these was not one of the Brontë sisters? Madeline
91%
Who wrote "The Grapes of Wrath"? John Steinbeck
83%
What novel starts with the line "Call me Ishmael"? Moby Dick
83%
Which of these novels featured a controlled language called "Newspeak" that was designed to limit the populace's freedom of thought and imagination? Nineteen Eighty-Four
83%
Holden Caulfield is the main character of which novel? The Catcher in the Rye
82%
In the novel Frankenstein by Mary Shelley, what is the name of the creature? It has no name
81%
Whose short stories include "The Call of Cthulhu", "The Colour Out of Space", and "The Dunwich Horror?" H. P. Lovecraft
69%
The movie "Apocalypse Now" is a loose adaptation of what novel? Heart of Darkness
64%
Which of these authors initially published many of their works in serial form? Charles Dickens
62%
Which of these books was NOT written by Ernest Hemingway? Death Comes for the Archbishop
62%
Which of these four books was published first? Gulliver's Travels
62%
Which of these novels is NOT from a Russian author? The Castle
59%
Which of these authors wrote a popular series of children's books based on her childhood in a pioneer family? Laura Ingalls Wilder
47%
Which of these Jane Austen novels was published after she died? Northanger Abbey
34%
No matching quizzes found
Score Distribution
Percent of People with Each Score
Percentile by Number Answered
Your Score History
You have not taken this quiz since the last reset